00638pam a22002054a 4500008004100000020002200041245010400063250001200167260004600179300003700225500002200262504004100284650001300325700002100338700002200359700002400381003000100405005001700406040000900423  a0443070342 (pbk.)00aCommon foundation studies in nursing /cedited by Neil Kenworthy, Gillian Snowley, Cynthia Gilling. a3rd ed. aNew York :bChurchill Livingstone,c2002. ax, 527 p. :bill., map ;c25 cm. aIncludes index . aIncludesbibliographical references . 0aNursing.1 aKenworthy, Neil.1 aSnowley, Gillian.1 aGilling, Cynthia M.20230120203957.0 cNUST